Alemania en Bélgica a la luz de las doctrinas de la iglesia
Uloženo v:
| Médium: | Kniha |
|---|---|
| Jazyk: | španělština |
| Vydáno: |
Madrid
Revista de Arch., Bibl., y Museos
1916
|
| Vydání: | 2a. ed |
| Témata: | |
| Tagy: |
Přidat tag
Žádné tagy, Buďte první, kdo vytvoří štítek k tomuto záznamu!
|
MARC
| LEADER | 00000nam a2200000 a 4500 | ||
|---|---|---|---|
| 001 | UCS8686 | ||
| 003 | CL-VaPUC | ||
| 008 | 971107e19160000SP |||||||||||||||||spa|d | ||
| 082 | 0 | 4 | |a 262.9 |b ALE |2 21 |
| 245 | 1 | 0 | |a Alemania en Bélgica a la luz de las doctrinas de la iglesia |
| 246 | 1 | 0 | |a Carta abierta del señor Emilio Prüm, Jefe del Partido Católico Luxemburgués, al señor Matías Erzberger, Diputado en el Reichstag y leader del Centro Católico Alemán |
| 250 | |a 2a. ed | ||
| 300 | |a 268 p | ||
| 942 | |c BK | ||
| 945 | |d 19971107 00:00:00 |a cmena | ||
| 260 | |a Madrid |b Revista de Arch., Bibl., y Museos |c 1916 | ||
| 500 | |a Donación Padres Capuchinos | ||
| 600 | 0 | |a Iglesia católica |9 255129 | |
| 650 | 0 | |a Iglesia |9 255004 | |
| 650 | 0 | |a Cristianismo |9 257361 | |
| 650 | 7 | |a DERECHO CANONICO |2 CL-VaPUC |9 393473 | |
| 650 | 0 | |a Doctrina social de la iglesia |9 257333 | |
| 650 | 7 | |a HISTORIA ALEMANA |2 CL-VaPUC |9 393474 | |
| 650 | 7 | |a IGLESIA Y POLITICA |2 CL-VaPUC |9 393475 | |
| 650 | 0 | |a Iglesia y Estado |9 254995 | |
| 651 | 0 | |a Alemania |9 255688 | |
| 651 | 7 | |a BELGICA |2 CL-VaPUC |9 315122 | |
| 583 | |a last modification |c 19971107 00:00:00 |k Rodrigo Vera | ||
| 999 | |c 262955 |d 262953 | ||
| 952 | |0 0 |1 0 |4 0 |6 262_900000000000000_ALE_1916 |7 0 |8 DER_HDC |9 292013 |a BIBDER |b BIBDER |d 2019-11-19 |i 1900005 |l 1 |o 262.9 ALE 1916 |p 1900005 |r 2023-01-25 |s 2020-03-16 |w 2019-11-19 |x Ubicación 4to Piso |y BK |z Estos recursos deben solicitarse con anticipación |k DER | ||
| 952 | |0 0 |1 0 |4 0 |6 262_900000000000000_ALE_1916 |7 0 |8 X |9 292014 |a FDOBUD |b FDOBUD |d 2019-11-19 |i 4407660 |o 262.9 ALE 1916 |p 4407660 |r 2019-11-19 |w 2019-11-19 |y BK_X |k BUD | ||